Compendio di diritto processuale civile

Detalles Bibliográficos
Autor principal: Di Pirro, Massimiliano
Formato: eBook
Lenguaje:italiano
Publicado: [Piacenza] : Casa Editrice La Tribuna, 2010.
Materias:
Acceso en línea:Acceso restringido

MARC

LEADER 00000nam a2200000 i 4500
005 20110505151411.0
008 020405s2010 it s 000 0 ita d
020 |a 9788861325982 
035 |a 5450 
040 |a BUS  |d vLex 
090 |c 2118  |d 2118 
100 1 |a Di Pirro, Massimiliano. 
245 1 0 |a Compendio di diritto processuale civile  |h [Recurso electrn̤ico] /  |c Massimiliano di Pirro. 
256 |a Servicio en ln̕ea. 
260 |a [Piacenza] :  |b Casa Editrice La Tribuna,  |c 2010. 
300 |a 1 recurso electrn̤ico 
506 1 |a Contenido solo disponible en los productos indicados  |d vLex Global  |d vLex Global (Academic Edition, excluding Law Schools)  |d vLex Global (U.S. Academic Edition, Law Schools)  |d vLex Global (U.S. Academic Edition, excluding Law Schools)  |d vLex Global (Academic Edition, Law Schools) 
650 0 4 |a Procedimiento civil  |z Italia. 
740 0 |a vLex Libros (Servicio en ln̕ea) 
856 |u http://vlex.com/source/compendio-diritto-processuale-civile-5450  |z Acceso restringido 
942 |c BOOK